000 00462nam a2200193Ia 4500
005 20250423095416.0
008 250422s9999 xx 000 0 und d
020 _a9781416001416
050 _aRG 951 .M87/
100 _aMurray, Sharon Smith.
245 0 _aFoundations of maternal-newborn nursing
250 _a4th ed.
260 _aSt. Louis
260 _bSaunders
260 _c2006
300 _a1028 p
650 _aMaternity nursing
942 _cBK
999 _c30187
_d30187